Svoboda zopakoval víťazstvo spred dvoch rokov

Bibliographic Details
Format: Article
Language:Slovak
PhysicalDescription:Fotogr.
ISSN:1210-2423
Subjects:

MARC

LEADER 00000nab a2200000 ar4500
001 vtls010304460
003 SK-MaSNL
005 20260303203829.0
008 180907c2011 xo wr|p|||||||000 b|slo
038 |a PPPK 
040 |a PPPKCL  |b slo  |c PPPKCL  |e AACR2 
041 0 |a slo 
044 |a xo  |c SK 
080 |a 796.61.093  |2 2001 
245 0 0 |a Svoboda zopakoval víťazstvo spred dvoch rokov  |c [text a foto] (bšl) 
300 |b Fotogr. 
611 2 7 |a Tatry Tour  |n (8. :  |d 2011 :  |c Poprad, Slovensko a Vysoké Tatry, Slovensko a Poľsko)  |2 pppkcl  |9 1236765 
648 7 |a 30.7.2011  |2 pppkcl  |9 1236766 
650 0 7 |a cyklistika  |2 pppkcl  |9 3263 
650 0 7 |a cyklistické preteky  |2 pppkcl  |9 69581 
651 7 |a Vysoké Tatry (Poľsko a Slovensko : pohorie)  |2 SNKPHgeo  |9 67729 
651 7 |a Poprad (Slovensko)  |2 pppkcl  |9 20155 
773 0 |t Podtatranské noviny  |g Roč. LII, č. 31 (2011), s. 8  |x 1210-2423 
852 |a PPPK  |b KIS3GCP 
999 |c 2187293  |d 2189223